000
00246nam a22001217a 4500
003
SGT
082
_a
370,SHA
100
_a
SHARMA, SANDEEP.
245
_a
HEALING AND HOPE
260
_a
NEW DELHI
_b
RIP PUB.
_c
204
300
_a
476
942
_2
ddc
_c
BK
999
_c
29111
_d
29111